| 000 | 01916cam a2200349 a 4500 | ||
|---|---|---|---|
| 001 | 12210370 | ||
| 003 | ARRUPE | ||
| 005 | 20150430020007.0 | ||
| 008 | 001025s2000 enka b 001 0 eng d | ||
| 010 | _a 00710311 | ||
| 015 | _aGBA0-Y3837 | ||
| 020 | _a0415186552 | ||
| 020 | _a0415224926 (pbk.) | ||
| 035 | _a(OCoLC)ocm43820412 | ||
| 040 |
_aUKM _cUKM _dIXA _dDLC |
||
| 042 | _alccopycat | ||
| 050 | 0 | 0 |
_aBF311 _b.V44 2000 |
| 082 | 0 | 0 |
_a126 _221 |
| 100 | 1 |
_aVelmans, Max, _d1942- _914565 |
|
| 245 | 1 | 0 |
_aUnderstanding consciousness / _cMax Velmans. |
| 260 |
_aLondon ; _aPhiladelphia, PA : _bRoutledge, _c2000. |
||
| 300 |
_axi, 308 p. : _bill. ; _c24 cm. |
||
| 504 | _aIncludes bibliographical references (p. 284-300) and indexes. | ||
| 505 | 8 | _aMachine generated contents note: PART I -- Mind-body theories and their problems 1 -- 1 What is consciousness? 3 -- 2 Is there a conscious soul in the brain? 9 -- 3 Are mind and matter the same thing? 23 -- 4 Are mind and consciousness just activities? 48 -- 5 Could robots be conscious? 73 -- PART II -- A new analysis: how to marry science with experience 101 -- 6 Conscious phenomenology and common sense 103 -- 7 Experienced worlds, the world described by physics, and -- the thing itself 139 -- 8 Subjective, intersubjective and objective science 169 -- 9 Consciousness, brains and human information processing 193. | |
| 650 | 0 |
_aConsciousness. _914566 |
|
| 856 | 4 | 1 |
_3Table of contents only _uhttp://www.loc.gov/catdir/toc/fy031/00710311.html |
| 856 | 4 | 2 |
_3Publisher description _uhttp://www.loc.gov/catdir/enhancements/fy0650/00710311-d.html |
| 856 | 4 | 2 |
_3Contributor biographical information _uhttp://www.loc.gov/catdir/enhancements/fy1113/00710311-b.html |
| 906 |
_a7 _bcbc _ccopycat _d2 _encip _f20 _gy-gencatlg |
||
| 942 |
_2lcc _cMONOGRAPH _02 |
||
| 999 |
_c121876 _d121876 |
||